000 00573nam a2200217 a 4500
001 29544
005 20190618161854.0
008 140415s1988 000 0 spa d
020 _a8431309156
041 _aspa
082 _a104.21
_bPOL
100 1 _aPolo, Leonardo,
_eautor
245 1 0 _aCurso de teoría del conocimiento I.
250 _aPrimera edición
260 _aEspaña :
_bEUNSA,
_c1988.
300 _a412 Páginas ;
_c23 cm.
336 _atexto
_2rdacontent
337 _asin mediación
_2rdamedia
338 _avolumen
_2rdacarrier
650 _aFilosofía
999 _c29544
_d29544